Statistics for Leadership of the House of Representatives

Click here to take the quiz!

General Stats

  • This quiz has been taken 26 times
    (9 since last reset)
  • The average score is 10 of 28

Answer Stats

OfficeRepresentative% Correct
Speaker of the HouseMike Johnson
100%
House Majority LeaderSteve Scalise
100%
House Minority LeaderHakeem Jeffries
88%
House Minority WhipKatherine Clark
88%
Chair, House Republican ConferenceElise Stefanik
75%
House Majority WhipTom Emmer
75%
Assistant LeaderJim Clyburn
50%
Chair, House Democratic CaucusPete Aguilar
50%
Co-Chairs, House Democratic Steering and Policy CommitteeBarbara Lee
38%
Chair, House Democratic Policy and Communications CommitteeJoe Neguse
38%
Vice Chair, House Republican ConferenceBlake Moore
25%
House Republican Chief Deputy WhipGuy Reschenthaler
25%
House Democratic Freshman Class Leadership RepresentativeJasmine Crockett
25%
House Democratic Junior Caucus Leadership RepresentativeSara Jacobs
25%
Vice Chair, House Democratic CaucusTed Lieu
25%
Co-Chairs, House Democratic Policy and Communications CommitteeVeronica Escobar
25%
Co-Chairs, House Democratic Steering and Policy CommitteeDan Kildee
13%
Chair, House Republican Elected Leadership CommitteeGarrett Graves
13%
Chair, House Republican Policy CommitteeGary Palmer
13%
Co-Chairs, House Democratic Policy and Communications CommitteeLauren Underwood
13%
Secretary, House Republican ConferenceLisa McClain
13%
Co-Chairs, House Democratic Policy and Communications CommitteeLori Trahan
13%
House Republican Sophomore Elected Leadership Committee RepresentativeStephanie Bice
13%
Chair, Democratic Congressional Campaign CommitteeSuzan DelBene
13%
Co-Chairs, House Democratic Steering and Policy CommitteeDebbie Wasserman Schultz
0%
House Republican Freshman Elected Leadership Committee RepresentativeErin Houchin
0%
House Democratic Senior Chief Deputy WhipJan Schakowsky
0%
Chair, National Republican Congressional CommitteeRich Hudson
0%

Score Distribution

Percentile by Number Answered

Percent of People with Each Score

Your Score History

You have not taken this quiz since the last reset